000 00358nam a2200145Ia 4500
008 230312s9999||||xx |||||||||||||| ||und||
020 _a81-272-4098-1
082 _a581.2321
_bTRI-I
100 _aTripathi;D.P
245 0 _aIntroductory Plant Bacteriology
260 _bKalyani
_aIndia
_c2014
300 _a519
650 _aMedical
_vPathology
942 _cBK
999 _c11422
_d11422